000 004540000a22001930004500
999 _c47496
_d47496
001 249
003 CO-MdFUSB
005 20170922183313.0
008 170914b xxu||||| |||| 00| 0 eng d
020 _a0-7899-1340-2
040 _cCO-MdBIC
082 0 4 _a868HC B684c
100 1 _aBowman, Crystal
245 1 0 _aMi biblia de colores / Crystal Bowman
260 _a[ S.L.] Unilit
300 _a46 P.
650 1 4 _aLiteratura Infantil
942 _cLGB